000 00688nam a2200229 u 4500
005 20221115063535.0
008 171011s2008 r 000 0 eng d
020 _a9789584507266
035 _aUPN01000220872
049 _aI
050 4 _aPZ76.3
_bB6.38
100 1 _aBourgeois, Paulette,
_d1951-
_932744
245 1 0 _aFranklin ayuda /
_cPaulette Bourgeois ; tr. Olga Martín.
260 _aBogotá :
_bNorma,
_c2008.
300 _a[30 ]p. :
_bil. col.
440 0 _aBuenas noches
650 7 _aAnimales
_vLiteratura infantil
_2
_91061
650 4 _aCUENTOS INFANTILES CANADIENSES
_911112
650 0 _aAmistad en la literatura
_910763
905 _aInfantil
999 _c192971
_d192971